000 00448nam a2200181 a 4500
001 1764569516560
003 ACL
005 20251201115637.0
008 251201s2004##################000#0#eng##
020 _a9780130489173
082 0 4 _a624.15136
_bSCH
100 1 _aSchroeder, Warren Lee,
_eauthor.
245 1 0 _aSoils in Construction :
260 _bPrentice Hall,
_c2004.
650 0 _aBuilding.
942 _cENGLISH
040 _aACL
_beng
_cACL
999 _c599589
_d599589